00442nam a2200181Ia 4500003000400000005001700004008004000021020001800061040000700079041001200086082001900098100002000117245004300137260003100180300001000211650001400221700002500235OSt20240812151752.0210210b1991 xxu||||| |||| 00| 0 eng d a81 7201 023 0 cAL aEnglish a809.88914 SAHA aSAHITYA AKADEMI aAbdul Haq: Makers of Indian literature aN DbSahitya Akademic1991 avi,83 aAbdul Haq aMukhtar-ud-Din Ahmad